00728 2200241 4500001002100000005001500021035002000036007000300056008004100059020002200100082001100122084001500133245007500148250001000223260010400233300003500337500001300372650002100385700001700406700002100423504003100444990001100475INLIS00000000001398220220801112634 a0010-0822000021ta220801 g 0 ind  a978-602-8766-84-5 a297.66 a297.66 KER aKerajaan Inderapura /cGusti Asnan... [et,al.];editor, Ridwan Bustaman acet.1 aJakarta :bPuslitbang Lektur Khazanah Keagamaan Badan Litbang dan Diklat Kementrian Agama RI,c2013 ax, 123 hal. :bilus. ;c21 cm. aLampiran 4aKEBUDAYAAN ISLAM0 aGUSTI, Asnan0 aRIDWAN, Bustaman aBibliografi : hal. 107-112 a4730 a